Song to Artist 2013 - Statistics

General Stats
  • This quiz has been taken 8 times
  • The average score is 11 of 20
Answer Stats
Song Artist % Correct
Roar Katy Perry
100%
Royals Lorde
100%
Happy Pharrell Williams
100%
Wake Me Up Avicii
88%
Get Lucky Daft Punk
88%
Mirrors Justin Timberlake
88%
Wrecking Ball Miley Cyrus
88%
Counting Stars One Republic
88%
Blurred Lines Robin Thicke
88%
Best Song Ever One Direction
75%
Berzerk Eminem
63%
Animals Martin Garrix
63%
Do I Wanna Know? Arctic Monkeys
25%
Sirens Pearl Jam
25%
I Sat by the Ocean Queens of the Stone Age
25%
Wagon Wheel (cover of original) Darius Rucker
13%
La La La Naughty Boy
13%
Night Sky Chvrches
0%
If I Could Change Your Mind HAIM
0%
Came Back Haunted Nine Inch Nails
0%
No matching quizzes found
Score Distribution
Percent of People with Each Score
Percentile by Number Answered
Your Score History
You have not taken this quiz